| 000 | 00637pam a2200193 a 4500 | ||
|---|---|---|---|
| 020 | _a0470271493 | ||
| 082 | 0 | 0 |
_a531.3 _bBAX _cL-5, P-13. |
| 100 | 1 |
_aSingh, Pashupati Nath. _939795 |
|
| 245 | 1 | 0 |
_aElementary mechanics of solids / _cPashupati Nath Singh, Prem Kumar Jha. |
| 260 |
_aNew York : _bWiley ; _aNew Delhi : _bWiley Eastern, _c[1981] c1980. |
||
| 300 |
_axvi, 616 p. : _bill. ; _c24 cm. |
||
| 500 | _a"A Halsted Press book." | ||
| 500 | _aIncludes index. | ||
| 526 |
_a0 _b0 _c0 _d531_300000000000000_BAX |
||
| 650 | 0 |
_aMCE _9379 |
|
| 650 | 0 |
_aStrength of materials. _9563 |
|
| 700 | 1 |
_aJha, Prem Kumar. _939796 |
|
| 942 |
_2ddc _cBK |
||
| 999 |
_c544226 _d544226 |
||